[Event "Leiden SB-ch 1819"]
[Site "Leiden"]
[Date "2019.04.26"]
[Round "7"]
[White "Hettfleisch, Maurice"]
[Black "Kat, Rudolf"]
[Result "1/2-1/2"]
[WhiteElo "1751"]
[BlackElo "1954"]
[PlyCount "94"]
[EventDate "2018.10.19"]
[EventType "swiss"]
[EventRounds "9"]
[EventCountry "NED"]
[SourceTitle "EXT 2023"]
[Source "ChessBase"]
[SourceDate "2022.10.05"]
[SourceVersion "1"]
[SourceVersionDate "2022.10.05"]
[SourceQuality "1"]

1. e4 c6 2. Nf3 d5 3. Nc3 Bg4 4. h3 Bh5 5. exd5 cxd5 6. Bb5+ Nc6 7. g4 Bg6 8. Ne5 Rc8 9. Qf3 e6 10. d4 Bd6 11. Nxg6 hxg6 12. Bf4 Qf6 13. Nxd5 exd5 14. Qe3+ Nge7 15. Bxd6 Qxd6 16. 0-0-0 Kf8 17. c3 a6 18. Bd3 b5 19. Rde1 Na5 20. Re2 Nc4 21. Bxc4 dxc4 22. Rhe1 Rc7 23. Qf3 Kg8 24. g5 Rh4 25. Qa8+ Kh7 26. Qf8 Nf5 27. Qb8 Qf4+ 28. Kb1 Ne7 29. Qf8 Qxg5 30. Rxe7 Rxe7 31. Qxe7 Qf5+ 32. Kc1 Rxh3 33. d5 Qxf2 34. d6 Rh2 35. Re2 Qf1+ 36. Kd2 Qf4+ 37. Kd1 Rh1+ 38. Re1 Qf3+ 39. Qe2 Qd5+ 40. Qd2 Rxe1+ 41. Kxe1 Qh1+ 42. Ke2 Qh5+ 43. Ke1 Qh1+ 44. Kf2 Qh2+ 45. Ke3 Qh6+ 46. Ke2 Qh5+ 47. Ke1 Qh1+ 1/2-1/2